00363nam a22001217a 450000500170000000800410001704000070005804100120006508200210007710000140009824501000011265000290021220240430170801.0240430b ||||| |||| 00| 0 eng d cAL aEnglish 223a658.83bMARK aAshiq Pai aMarket Analysis of Distribution Network and Merchandising Stratigies of Hindustan Lever Limited aProject Report 1999-2000